[Event "Stay Safe Play From Home 379"]
[Site "Emanuel Lasker Arena"]
[Date "2020.08.13"]
[Round "5"]
[White "AChessPlayer"]
[Black "Broken sword"]
[Result "1-0"]
[WhiteElo "2468"]
[BlackElo "2479"]
[Annotator "TA"]
[PlyCount "105"]
[EventDate "2020.08.13"]
[EventType "swiss (blitz)"]

{[%evp 14,104,0,0,14,-9,12,0,2,-12,0,-2,17,-83,-8,-15,-16,-20,-8,-46,-49,-51,-61,-76,-45,-64,-49,-65,-82,-92,-93,-109,-100,-115,-79,-81,-51,-85,-80,-74,0,-18,0,-125,0,0,0,0,0,0,0,0,8,0,27,0,29996,29997,29997,270,784,270,317,269,208,120,132,129,129,0,130,0,71,0,1,0,29992,29993,29993,29994,29994,29994,29994,29995,29995,29996,29996,29996,29997,29998,29999,29999,29999]} 1. Nf3 d5 2. g3 c6 3. Bg2 Nf6 4. O-O Bg4 5. d3 Nbd7 6. Nbd2 e6 7. e4 Be7 8. h3 Bh5 {8...Bh5 is better than 8...Bxf3. A07: Réti Opening: New York and Capablanca Systems.} 9. Qe1 dxe4 10. dxe4 O-O {The position is equal.} 11. Nb3 a5 12. a4 {[#]} Nc5 $146 ({Predecessor:} 12... e5 13. Bd2 b6 14. Nh4 Re8 15. Nf5 Bf8 16. g4 Bg6 17. Rd1 Qc7 18. Be3 Red8 {½-½ (45) Almasi,Z (2630)-Acs,P (2514) Hungary 2001}) 13. Bd2 (13. Nxc5 $11 Bxc5 14. Ne5) 13... Ncxe4 ({Better is} 13... Nxb3 $17 14. cxb3 Nxe4 $1 {[%mdl 512]} 15. Qxe4 Bxf3 16. Bxf3 Qxd2) 14. Bxa5 $11 b6 $36 {[%cal Ra8a5][%mdl 2048] Black has good play.} 15. Bb4 {Threatening Bxe7.} c5 16. Ne5 cxb4 17. Bxe4 Nxe4 18. Qxe4 Rc8 19. g4 Bg6 $1 {[%cal Rg6e4]} 20. Nxg6 hxg6 21. Rfd1 Qc7 22. Rac1 Rfd8 23. Rd3 Rxd3 24. cxd3 Qd8 (24... Qd7 {looks sharper.} 25. Rxc8+ Qxc8 26. Qc4 Qa8 27. Nd2 Qxa4 28. Kg2 Qd7) 25. Rc4 Rxc4 26. Qxc4 Qd7 (26... Qa8 $1 $17 27. Nd2 Qxa4) 27. Qb5 Qc7 28. Kg2 {[#]} (28. Qe8+ $11 Bf8 29. Nd4) 28... Bf6 ({Black should try} 28... Qb7+ $1 $17 29. Kf1 Qh1+ 30. Ke2 Qb1) 29. Nd2 Bxb2 30. Qxb4 Bc3 31. Qc4 Qb7+ 32. Ne4 Ba5 33. Kg1 Qd7 34. Qb5 Qd4 $2 {[%mdl 8192]} (34... Qd8 $11) 35. Qe8+ Kh7 36. Qxf7 $2 (36. Ng5+ {mates} Kh6 37. Nxf7+ Kh7 38. Qh8#) 36... Qe5 $2 (36... Qxd3 37. Qf4 (37. Qxe6 Bd2 $16) (37. Ng5+ Kh6 $16) 37... Bc3 38. Ng5+ {[%mdl 64] Double Attack} Kh6 39. Nxe6+ Kh7 40. Ng5+ Kh6 41. Nf7+ {[%mdl 64] Discovered Attack (Double check)} Kh7) 37. Qf3 $2 (37. h4 Bd2 {[%mdl 64] Decoy} 38. Nxd2 Qe1+ 39. Nf1) 37... Bb4 38. Kg2 Be7 39. Qg3 (39. Qf7 $18 Bh4 40. g5 Bxg5 {[#]} 41. Qxe6 $1 {[%mdl 512]}) 39... Qd4 $16 40. h4 Qxa4 41. h5 (41. Qc7 $16 Qe8 42. Qxb6 Bxh4 43. g5) 41... g5 (41... Qd7 $11) 42. Qf3 (42. Qc7 $16 Qe8 43. Qxb6) 42... Qd4 (42... Kg8 $11 {remains equal.}) 43. Nd2 (43. Qf7 $16 Qxd3 44. Qxe6 (44. Qxe7 Qxe4+ {[%mdl 64] Double Attack} 45. f3 Qe2+ 46. Kg3 Qe5+ 47. Kg2 b5 $11)) 43... Bf6 44. Nc4 Qxd3 $2 {[%mdl 8192]} (44... b5 $11 45. Nd2 Qd5) 45. Qxd3+ {White mates.} Kg8 46. Qd7 b5 47. Qxe6+ Kh7 48. Nd6 b4 49. Nf5 b3 50. Qxb3 g6 {[#]} 51. Qf7+ $1 {[%mdl 64] Double Attack} Bg7 52. Qxg6+ Kg8 53. Qxg7# {Accuracy: White = 54%, Black = 53%.} 1-0

[Event "Stay Safe Play From Home 379"]
[Site "Emanuel Lasker Arena"]
[Date "2020.08.13"]
[Round "5"]
[White "Mepe_Nika"]
[Black "MihailoVujic"]
[Result "0-1"]
[WhiteElo "2374"]
[BlackElo "2222"]
[Annotator "TA"]
[PlyCount "76"]
[EventDate "2020.08.13"]
[EventType "swiss (blitz)"]

{[%evp 9,76,18,14,22,31,4,-5,-735,-742,-739,-660,-656,-648,-703,-689,-701,-640,-785,-779,-816,-775,-863,-856,-848,-852,-1006,-916,-1042,-901,-888,-860,-1015,-946,-1022,-979,-1018,-989,-2229,-2181,-29988,-29989,-29990,-29984,-29983,-29983,-6499,-6499,-29978,-1165,-29984,-29985,-29984,-29985,-29985,-29986,-29993,-29988,-29993,-29988,-29991,-29987,-29987,-29983,-29989,-29990,-29991,-29992,-29996,-29997]} 1. d4 d5 2. Nf3 Nc6 3. Bf4 Bg4 4. Ne5 Nxe5 5. Bxe5 f6 6. Bg3 {[#] D02: 1 d4 d5 2 Nf3 sidelines, including 2...Nf6 3 g3 and 2...Nf6 3 Bf4.} Nh6 $146 ({Predecessor:} 6... c5 7. f3 Bf5 8. Nc3 cxd4 9. Qxd4 Bxc2 10. Qxd5 Qxd5 11. Nxd5 Rd8 12. e4 Ba4 {0-1 (19) Jovic,S (2154)-Drazic,S (2430) Novi Sad 2015}) 7. Nd2 Nf5 8. e3 $2 {[%mdl 8192] [#]} (8. c3 $11) 8... Bxd1 $19 9. Rxd1 Nxg3 10. hxg3 e5 11. dxe5 fxe5 12. Be2 Bd6 13. c3 O-O 14. O-O Qf6 15. Nf3 e4 16. Nd4 c6 17. b3 Be5 18. Rd2 Bxd4 19. cxd4 Rae8 20. Bg4 g6 21. b4 h5 22. Be2 h4 {[#] Threatens to win with ...hxg3.} 23. gxh4 Qxh4 24. g3 Qh3 25. Rc1 Kg7 26. Bf1 Qh5 27. Bg2 Rh8 28. b5 Re6 (28... Qh2+ $142 29. Kf1 Ref8 30. g4 Rh4 31. Rc3 Rxg4 32. Ke1 Rxg2 33. Kd1 Rfxf2 34. Kc2 Rxd2+ 35. Kb3 Rxa2 36. Rc2 Rgxc2 37. bxc6 Rcb2+ 38. Kc3 Qd2#) 29. a4 Rf6 {Black mates.} 30. Rdc2 Qh2+ 31. Kf1 Qxg3 32. a5 a6 33. bxa6 bxa6 34. Rb1 Qxe3 35. Kg1 Qxd4 36. Rb7+ Kh6 37. Rb1 e3 38. fxe3 Qxe3+ {White did not feel at home in the position after the opening.} 0-1

[Event "Stay Safe Play From Home 379"]
[Site "Emanuel Lasker Arena"]
[Date "2020.08.13"]
[Round "5"]
[White "IceQueen"]
[Black "Lazieri3"]
[Result "1-0"]
[WhiteElo "2349"]
[BlackElo "2180"]
[Annotator "TA"]
[PlyCount "47"]
[EventDate "2020.08.13"]
[EventType "swiss (blitz)"]

{[%evp 10,46,45,0,9,6,0,0,25,8,6,0,5,-6,9,11,20,31,30,13,16,11,18,0,0,0,31,19,107,114,739,722,29996,29997,29997,29998,29998,29999,29999]} 1. e4 c6 2. d4 d5 3. Nc3 dxe4 4. Nxe4 Nf6 5. Ng3 Bg4 6. Be2 (6. Qd3 {seems wilder.} e5 7. h3 Be6 8. Nf3 exd4 9. Nxd4 Nbd7 10. Nxe6 Qe7 11. Qe3) 6... Bxe2 {B15: Caro-Kann: 3 Nc3: 3...g6 and 3...dxe4 4 Nxe4 Nf6 5 Nxf6+ exf6.} 7. N1xe2 e6 8. O-O {[#]} h6 $146 {The position is equal.} ({Predecessor:} 8... Be7 9. c4 O-O 10. Be3 Nbd7 11. Nc3 Qa5 12. Qe2 Rfe8 13. Rfd1 Bb4 14. Nce4 Bf8 {0-1 (79) Akbari Gelvardi,M (2289)-Kuzubov,Y (2650) Teheran 2019}) 9. c3 Bd6 10. Re1 O-O 11. Bf4 Bxf4 12. Nxf4 Nd5 13. Nd3 $36 {[%mdl 2048] White has the initiative.} Nd7 14. Qd2 Qc7 15. Rad1 Rad8 16. Re4 N5f6 17. Rh4 Nh7 18. Re1 Rde8 {[#]} (18... Ndf6 $11 {keeps the balance.}) 19. Nh5 $1 $16 {[%cal Rh5g7] And now Nxg7! would win.} f5 $2 {[%mdl 8192] [#] This costs Black the game.} (19... g5 $16) 20. Nxg7 $1 $18 {[%mdl 576] Remove Defender, Decoy} Kxg7 21. Qxh6+ {[%mdl 64] Double Attack. White mates.} Kf7 22. Qxh7+ Kf6 23. Rh6+ Kg5 24. Qg6# {Accuracy: White = 100%, Black = 55%.} 1-0

[Event "Stay Safe Play From Home 379"]
[Site "Emanuel Lasker Arena"]
[Date "2020.08.13"]
[Round "5"]
[White "Yuriko"]
[Black "NTBT_DHS"]
[Result "0-1"]
[WhiteElo "2021"]
[BlackElo "2532"]
[Annotator "TA"]
[PlyCount "50"]
[EventDate "2020.08.13"]
[EventType "swiss (blitz)"]

{[%evp 9,50,9,14,0,8,0,8,-16,0,0,0,0,22,0,0,-11,15,-40,-22,-24,0,-83,-27,-33,0,-177,-57,-204,-35,-222,-222,-672,-556,-537,-462,-719,-710,-1138,-1130,-29986,-29987,-29993,-29992]} 1. d4 g6 2. c4 Bg7 3. Nc3 Nf6 4. d5 O-O 5. e4 c6 6. Nf3 {E60: King's Indian: Unusual lines and Fianchetto Variation without Nc3.} e6 7. Be2 exd5 8. cxd5 {The position is equal.} cxd5 9. exd5 d6 10. O-O {[#]} Na6 $146 ({Predecessor:} 10... Bg4 11. h3 Bd7 12. Bf4 Qc7 13. Rc1 Na6 14. Nb5 Qb6 15. Nxd6 Qxb2 16. Rb1 Qxa2 17. Rxb7 Qxd5 18. Bxa6 Qxd1 19. Rxd1 {1-0 (30) Fuentes Godoy,L (2196)-Torres Ccahuay,D (1162) chess.com INT 2020}) 11. Re1 Nc5 12. a3 Bf5 13. h3 ({Better is} 13. Nd4 $11) 13... Re8 14. Nd4 Bd7 15. Nf3 (15. Be3 $11) 15... a6 (15... Nfe4 $17 16. Nxe4 Ba4) 16. Bg5 $11 b5 17. Qd2 $2 {[#]} (17. Nd4 $11 {and White is okay.}) 17... Qb6 (17... Nb3 $19 18. Qf4 h6 19. Bxf6 Qxf6 20. Qxf6 Bxf6) 18. Rad1 ({White should play} 18. Bxf6 $15 Bxf6 19. Qf4) 18... Nce4 $2 (18... Nfe4 $19 19. Nxe4 Nxe4 {[%mdl 64] Discovered Attack}) 19. Nxe4 $2 (19. Be3 $15 Qb7 20. Nxe4 Nxe4 21. Qb4) 19... Nxe4 $19 20. Qc1 $2 (20. Be3 Nxd2 21. Bxb6 Nxf3+ 22. Bxf3) 20... Nxf2 21. Kh2 Rac8 22. Qb1 (22. Qd2 $142) 22... Bf5 23. Qa2 Nxd1 24. Rxd1 Rxe2 25. a4 Rcc2 {Accuracy: White = 37%, Black = 66%.} 0-1

[Event "Stay Safe Play From Home 379"]
[Site "Emanuel Lasker Arena"]
[Date "2020.08.13"]
[Round "5"]
[White "Sfantul321"]
[Black "TheCHESSHOUSE"]
[Result "0-1"]
[WhiteElo "1970"]
[BlackElo "1999"]
[Annotator "NA"]
[PlyCount "108"]
[EventDate "2020.08.13"]
[EventType "swiss (blitz)"]

1. c4 {[%emt 0:00:01]} Nf6 {[%emt 0:00:01]} 2. Nc3 {[%emt 0:00:00]} g6 {[%emt 0:00:00]} 3. g3 {[%emt 0:00:00]} Bg7 {[%emt 0:00:00]} 4. Bg2 {[%emt 0:00:00]} e6 {[%emt 0:00:00]} 5. e3 {[%emt 0:00:00]} O-O {[%emt 0:00:00]} 6. Nge2 {[%emt 0:00:00]} c6 {[%emt 0:00:00]} 7. O-O {[%emt 0:00:00]} d5 {[%emt 0:00:00]} 8. cxd5 {[%emt 0:00:00]} exd5 {[%emt 0:00:00]} 9. d4 {[%emt 0:00:00]} Bf5 {[%emt 0:00:01]} 10. h3 {[%emt 0:00:00]} Nbd7 {[%emt 0:00:01]} 11. Kh2 {[%emt 0:00:01]} h5 {[%emt 0:00:00]} 12. a3 {[%emt 0:00:01]} Qc7 {[%emt 0:00:01]} 13. b4 {[%emt 0:00:02]} Rae8 {[%emt 0:00:01]} 14. Nf4 {[%emt 0:00:01]} Nh7 {[%emt 0:00:01]} 15. Bb2 {[%emt 0:00:01]} g5 {[%emt 0:00:01]} 16. Nxh5 {[%emt 0:00:02]} Ndf6 {[%emt 0:00:01]} 17. Nxg7 {[%emt 0:00:01]} Kxg7 {[%emt 0:00:01]} 18. Re1 {[%emt 0:00:02]} Nh5 {[%emt 0:00:02]} 19. Kg1 {[%emt 0:00:01]} Bg6 {[%emt 0:00:04]} 20. e4 {[%emt 0:00:02]} dxe4 {[%emt 0:00:02]} 21. Nxe4 {[%emt 0:00:01]} Kg8 {[%emt 0:00:01]} 22. d5 {[%emt 0:00:02]} cxd5 {[%emt 0:00:01]} 23. Qxd5 {[%emt 0:00:01]} Rd8 {[%emt 0:00:02]} 24. Qe5 {[%emt 0:00:04]} Qxe5 {[%emt 0:00:01]} 25. Bxe5 {[%emt 0:00:01]} f5 {[%emt 0:00:01]} 26. Nc5 {[%emt 0:00:04]} Rfe8 {[%emt 0:00:01]} 27. Bc3 {[%emt 0:00:03]} b6 {[%emt 0:00:01]} 28. Ne6 {[%emt 0:00:02]} Rd7 {[%emt 0:00:03]} 29. Nd4 {[%emt 0:00:03]} Rde7 {[%emt 0:00:01]} 30. Rxe7 {[%emt 0:00:01]} Rxe7 {[%emt 0:00:00]} 31. Re1 {[%emt 0:00:01]} Rxe1+ {[%emt 0:00:02]} 32. Bxe1 {[%emt 0:00:01]} Bf7 {[%emt 0:00:01]} 33. Bc3 {[%emt 0:00:01]} f4 {[%emt 0:00:01]} 34. g4 {[%emt 0:00:01]} N5f6 {[%emt 0:00:01]} 35. Nf5 {[%emt 0:00:01]} Nf8 {[%emt 0:00:03]} 36. Bxf6 {[%emt 0:00:01]} Ne6 {[%emt 0:00:01]} 37. Ne7+ {[%emt 0:00:01]} Kh7 {[%emt 0:00:01]} 38. Be4+ {[%emt 0:00:01]} Kh6 {[%emt 0:00:00]} 39. Nf5+ {[%emt 0:00:01]} Kh7 {[%emt 0:00:01]} 40. Nd6+ {[%emt 0:00:01]} Kg8 {[%emt 0:00:00]} 41. Nxf7 {[%emt 0:00:01]} Kxf7 {[%emt 0:00:00]} 42. Be5 {[%emt 0:00:01]} Nf8 {[%emt 0:00:01]} 43. Bd5+ {[%emt 0:00:01]} Ke8 {[%emt 0:00:00]} 44. Kg2 {[%emt 0:00:00]} Nd7 {[%emt 0:00:01]} 45. Bd4 {[%emt 0:00:01]} Ke7 {[%emt 0:00:00]} 46. Kf3 {[%emt 0:00:01]} Kd6 {[%emt 0:00:00]} 47. Bc4 {[%emt 0:00:02]} Nb8 {[%emt 0:00:00]} 48. h4 {[%emt 0:00:01]} Nc6 {[%emt 0:00:00]} 49. Bc3 {[%emt 0:00:02]} gxh4 {[%emt 0:00:00]} 50. Kxf4 {[%emt 0:00:01]} h3 {[%emt 0:00:00]} 51. Kg3 {[%emt 0:00:01]} b5 {[%emt 0:00:00]} 52. Bxb5 {[%emt 0:00:01]} Nd8 {[%emt 0:00:01]} 53. g5 {[%emt 0:00:01]} Ne6 {[%emt 0:00:00]} 54. f4 {[%emt 0:00:01]} Ke7 {[%emt 0:00:00] Time Time Time (Lag: Av=0.64s, max=1.3s) (Lag: Av=0.64s, max=1.3s) (Lag: Av=0.64s, max=1.3s)} 0-1

[Event "Stay Safe Play From Home 379"]
[Site "Emanuel Lasker Arena"]
[Date "2020.08.13"]
[Round "5"]
[White "Stefanone"]
[Black "Lamborghini"]
[Result "0-1"]
[WhiteElo "1965"]
[BlackElo "2227"]
[Annotator "TA"]
[PlyCount "84"]
[EventDate "2020.08.13"]
[EventType "swiss (blitz)"]

{[%evp 9,84,0,26,14,30,-10,-5,-12,-15,-37,-7,-20,-25,-25,-26,-56,-64,-114,-118,-122,-21,-167,-59,-50,-19,-23,-14,-186,-23,-31,-25,-58,-29,-39,-24,-20,10,2,29,1,19,0,0,0,0,0,0,0,70,0,0,-16,0,0,0,0,0,-32,0,-8,-7,-127,-121,-118,-133,-130,-96,-216,-145,-216,-145,-148,0,0,0,0,592]} 1. d4 Nf6 2. e3 g6 3. Nf3 Bg7 4. g3 O-O 5. Bg2 d6 6. O-O {A48: 1 d4 Nf6 2 Nf3 g6: Torre, London and Colle Systems.} Nc6 7. c3 e5 {[#]} 8. dxe5 $146 ({Predecessor:} 8. a4 Nh5 9. b4 a6 10. Qb3 Kh8 11. Nbd2 f5 12. d5 Ne7 13. e4 f4 14. c4 Bh6 15. c5 g5 16. Nc4 Ng6 17. Ne1 g4 18. Nd3 f3 19. Bh1 Nf6 {½-½ (19) Puschmann,L (2340)-Pesztericz,L (2125) Hungary 1995}) 8... Nxe5 9. Nbd2 Ned7 10. Qc2 Re8 11. b3 Nc5 {And now ...Bf5 would win.} 12. b4 Bf5 $36 {[%mdl 2048] Black has good play.} 13. Qb2 Nd3 14. Qb3 a6 (14... Ne4 $17 15. Nxe4 Bxe4) 15. Nc4 (15. Nd4 $11) 15... Nxc1 (15... c5 $19 {Hoping for ...Ne4.} 16. Nb2 Rc8) 16. Raxc1 $15 Ne4 17. Ncd2 Be6 18. Qc2 $2 {[#]} (18. c4 $11 {and White stays safe.} Nxd2 19. Nxd2) 18... Nxd2 $2 (18... Nxc3 $19 {...a5 is the strong threat.} 19. Nb3 Bxb3 20. axb3 c6) 19. Nxd2 c6 20. a3 d5 21. c4 dxc4 (21... Bf5 {is more complex.} 22. Qb3 dxc4 23. Nxc4 Qe7 24. Rfd1 Bg4) 22. Nxc4 Bxc4 23. Qxc4 Qe7 24. Rcd1 Rad8 25. Qc2 Qe5 26. Rxd8 Rxd8 27. Rd1 Rxd1+ 28. Qxd1 h5 (28... Qe7 $11) 29. h4 (29. Qd7 $1 $14) 29... Bf6 30. Qb3 Kg7 31. Bf3 Qd6 32. Kg2 Qd2 33. Qd1 Qb2 34. Qd3 Bc3 35. e4 (35. Qd7 $11) 35... Qxa3 $17 36. e5 Qxb4 37. e6 fxe6 {aiming for ...Bd4.} 38. Be4 (38. Qd7+ $17 Kf6 39. Qd8+ Kf7 40. Qd7+ Qe7 41. Qd3) 38... Qd4 39. Qc2 (39. Qb1 $17 {was worth a try.}) 39... b5 40. Bxg6 {[#]} c5 (40... Qd2 $1 $17 {Strongly threatening ...Qxc2.} 41. Qxd2 Bxd2) 41. Bxh5 $11 {Threatens to win with Qg6+.} Qd5+ 42. Bf3 Qf5 $2 {[%mdl 40960] Accuracy: White = 52%, Black = 51%. . Loss on time!?} (42... Qe5 $11) 0-1

[Event "Stay Safe Play From Home 379"]
[Site "Emanuel Lasker Arena"]
[Date "2020.08.13"]
[Round "5"]
[White "Mamba2001de"]
[Black "Dreamsoldier"]
[Result "0-1"]
[WhiteElo "1453"]
[BlackElo "1244"]
[Annotator "NA"]
[PlyCount "96"]
[EventDate "2020.08.13"]
[EventType "swiss (blitz)"]

1. e4 {[%emt 0:00:01]} Nf6 {[%emt 0:00:02]} 2. e5 {[%emt 0:00:01]} g6 {[%emt 0:00:00]} 3. Nf3 {[%emt 0:00:01]} Bg7 {[%emt 0:00:00]} 4. exf6 {[%emt 0:00:01]} Bxf6 {[%emt 0:00:00]} 5. d4 {[%emt 0:00:01]} O-O {[%emt 0:00:00]} 6. c3 {[%emt 0:00:01]} d6 {[%emt 0:00:00]} 7. Be2 {[%emt 0:00:01]} Bg4 {[%emt 0:00:01]} 8. O-O {[%emt 0:00:01]} Bxf3 {[%emt 0:00:00]} 9. Bxf3 {[%emt 0:00:01]} Nc6 {[%emt 0:00:01]} 10. Be3 {[%emt 0:00:01]} e5 {[%emt 0:00:01]} 11. Nd2 {[%emt 0:00:01]} exd4 {[%emt 0:00:01]} 12. Bxd4 {[%emt 0:00:01]} Nxd4 {[%emt 0:00:01]} 13. cxd4 {[%emt 0:00:01]} Bxd4 {[%emt 0:00:00]} 14. Nb3 {[%emt 0:00:01]} Bb6 {[%emt 0:00:01]} 15. Rc1 {[%emt 0:00:02]} Rb8 {[%emt 0:00:01]} 16. Re1 {[%emt 0:00:01]} Qh4 {[%emt 0:00:01]} 17. g3 {[%emt 0:00:01]} Qh3 {[%emt 0:00:01]} 18. Bg2 {[%emt 0:00:01]} Qf5 {[%emt 0:00:03]} 19. Qd2 {[%emt 0:00:04]} Rbe8 {[%emt 0:00:02]} 20. Rxe8 {[%emt 0:00:01]} Rxe8 {[%emt 0:00:01]} 21. Rc3 {[%emt 0:00:02]} Qe5 {[%emt 0:00:06]} 22. Re3 {[%emt 0:00:05]} Bxe3 {[%emt 0:00:02]} 23. fxe3 {[%emt 0:00:01]} Qf5 {[%emt 0:00:04]} 24. h3 {[%emt 0:00:03]} Qb1+ {[%emt 0:00:09]} 25. Kh2 {[%emt 0:00:01]} Qxa2 {[%emt 0:00:00]} 26. Nd4 {[%emt 0:00:01]} c5 {[%emt 0:00:07]} 27. Nf3 {[%emt 0:00:04]} Qb3 {[%emt 0:00:01]} 28. Qxd6 {[%emt 0:00:01]} Qxe3 {[%emt 0:00:01]} 29. Qd7 {[%emt 0:00:02]} Re7 {[%emt 0:00:01]} 30. Qd8+ {[%emt 0:00:01]} Kg7 {[%emt 0:00:01]} 31. Qd2 {[%emt 0:00:01]} Qxd2 {[%emt 0:00:02]} 32. Nxd2 {[%emt 0:00:01]} Re2 {[%emt 0:00:00]} 33. Nc4 {[%emt 0:00:01]} Rxb2 {[%emt 0:00:00]} 34. Nd6 {[%emt 0:00:01]} c4 {[%emt 0:00:02]} 35. Ne4 {[%emt 0:00:02]} Rxg2+ {[%emt 0:00:00]} 36. Kxg2 {[%emt 0:00:01]} b5 {[%emt 0:00:00]} 37. Kf3 {[%emt 0:00:01]} a5 {[%emt 0:00:00]} 38. Ke3 {[%emt 0:00:01]} a4 {[%emt 0:00:00]} 39. Kd4 {[%emt 0:00:01]} a3 {[%emt 0:00:01]} 40. Nc3 {[%emt 0:00:01]} b4 {[%emt 0:00:01]} 41. Na2 {[%emt 0:00:01]} b3 {[%emt 0:00:00]} 42. Kxc4 {[%emt 0:00:01]} bxa2 {[%emt 0:00:01]} 43. Kb4 {[%emt 0:00:01]} a1=Q {[%emt 0:00:00]} 44. Ka4 {[%emt 0:00:01]} Qf6 {[%emt 0:00:01]} 45. Kb5 {[%emt 0:00:01]} Qf3 {[%emt 0:00:00]} 46. Kb6 {[%emt 0:00:01]} Qxg3 {[%emt 0:00:00]} 47. Kb7 {[%emt 0:00:00]} Qxh3 {[%emt 0:00:00]} 48. Kb8 {[%emt 0:00:00]} Qe6 {[%emt 0:00:01] Zeit Zeit Zeit (Lag: Av=0.43s, max=0.7s) (Lag: Av=0.43s, max=0.7s) (Lag: Av=0.43s, max=0.7s)} 0-1

[Event "Stay Safe Play From Home 379"]
[Site "Emanuel Lasker Arena"]
[Date "2020.08.13"]
[Round "5"]
[White "Klasman"]
[Black "Haris kollari 13"]
[Result "0-1"]
[WhiteElo "1282"]
[BlackElo "1681"]
[Annotator "NA"]
[PlyCount "42"]
[EventDate "2020.08.13"]
[EventType "swiss (blitz)"]

1. f4 {[%emt 0:00:02]} e6 {[%emt 0:00:00]} 2. Nf3 {[%emt 0:00:01]} d5 {[%emt 0:00:00]} 3. c4 {[%emt 0:00:01]} c5 {[%emt 0:00:00]} 4. d4 {[%emt 0:00:03]} dxc4 {[%emt 0:00:02]} 5. e3 {[%emt 0:00:05]} cxd4 {[%emt 0:00:01]} 6. Nxd4 {[%emt 0:00:02]} Nf6 {[%emt 0:00:02]} 7. Bxc4 {[%emt 0:00:01]} Bd7 {[%emt 0:00:02]} 8. O-O {[%emt 0:00:01]} Be7 {[%emt 0:00:01]} 9. Nc3 {[%emt 0:00:03]} O-O {[%emt 0:00:01]} 10. Bd2 {[%emt 0:00:01]} Nc6 {[%emt 0:00:01]} 11. Nxc6 {[%emt 0:00:06]} Bxc6 {[%emt 0:00:01]} 12. f5 {[%emt 0:00:02]} exf5 {[%emt 0:00:02]} 13. Rxf5 {[%emt 0:00:01]} Qd7 {[%emt 0:00:01]} 14. Rf2 {[%emt 0:00:08]} Rad8 {[%emt 0:00:01]} 15. Qf1 {[%emt 0:00:04]} Bc5 {[%emt 0:00:02]} 16. a3 {[%emt 0:00:05]} a6 {[%emt 0:00:01]} 17. b4 {[%emt 0:00:01]} Ba7 {[%emt 0:00:02]} 18. b5 {[%emt 0:00:03]} axb5 {[%emt 0:00:01]} 19. Bxb5 {[%emt 0:00:01]} Bxb5 {[%emt 0:00:05]} 20. Nxb5 {[%emt 0:00:03]} Bb6 {[%emt 0:00:01]} 21. Bb4 {[%emt 0:00:03]} Rfe8 {[%emt 0:00:01] Time Time Time (Lag: Av=0.50s, max=0.7s) (Lag: Av=0.50s, max=0.7s) (Lag: Av=0.50s, max=0.7s)} 0-1

[Event "Stay Safe Play From Home 379"]
[Site "Emanuel Lasker Arena"]
[Date "2020.08.13"]
[Round "6"]
[White "NTBT_DHS"]
[Black "Mepe_Nika"]
[Result "1-0"]
[WhiteElo "2534"]
[BlackElo "2350"]
[Annotator "TA"]
[PlyCount "61"]
[EventDate "2020.08.13"]
[EventType "swiss (blitz)"]

{[%evp 12,61,28,-4,-2,-31,-19,-56,0,-69,-42,-67,19,-11,-10,-39,-40,-75,-48,-32,-13,-13,-16,-13,-10,-32,-18,-23,-25,-97,-15,-135,-64,-67,-47,-56,-48,-59,0,0,0,0,0,0,0,-89,-89,-122,2279,1991,29995,29996]} 1. e4 c6 2. Nf3 d5 3. exd5 cxd5 4. d4 Nc6 5. c4 Nf6 6. Nc3 g6 7. c5 Bg7 {A35: Symmetrical English: 2 Nc3 Nc6 3 Nf3.} 8. Bf4 O-O 9. h3 Bf5 ({Better is} 9... Ne4 $15 10. Be2 {[#]} Nxd4 $1 {[%mdl 576] Decoy} 11. Nxd4 e5) 10. Bd3 {[#]} (10. Be2 $11) 10... Ne4 $146 (10... Be4 $5 11. Be2 Nd7 $15) ({Predecessor:} 10... Be4 11. Be5 Bxf3 12. Qxf3 Nxe5 13. dxe5 Nd7 14. Qxd5 Nxe5 15. Be4 Qc7 16. O-O Nc6 {1-0 (34) Kalmykova,A (2138)-Barinova,V (1982) Obninsk 2007}) 11. O-O b6 (11... Nxd4 $15 12. Nxd4 Bxd4) 12. Bb5 Rc8 13. cxb6 Qxb6 {[#] Hoping for ...Nxc3.} 14. a4 Nxc3 ({Much worse is} 14... Nxd4 $6 15. Nxd5 Qe6 16. Nxd4 $16) 15. bxc3 a6 $36 {[%mdl 2048] Black has the initiative.} 16. Bd3 Bxd3 17. Qxd3 Na5 18. Rab1 {[%cal Ba1b1,Bb1b4,Bb4h4][%mdl 32]} Qc6 19. Rfc1 Nc4 20. Ne5 (20. Nd2 $11) 20... Bxe5 (20... Nxe5 $17 21. Bxe5 Qxa4) 21. Bxe5 (21. dxe5 $11 Rfd8 22. Rb4) 21... Nxe5 (21... Qxa4 $17 22. Rb7 Nxe5 23. dxe5 e6) 22. dxe5 $15 e6 23. Rb4 a5 24. Rh4 Rb8 (24... Qb6 $15) 25. Qe3 $11 {Threatens to win with Qh6.} h5 26. g4 Qb6 27. Qg5 Qd8 28. Qf6 (28. Qxd8 $11 {remains equal.} Rfxd8 29. gxh5) 28... Qxf6 $17 29. exf6 hxg4 $2 {[%mdl 8192]} (29... Kh7 $17 30. gxh5 gxh5 31. Rxh5+ Kg6 {[%mdl 64] Double Attack}) 30. hxg4 $18 {Kg2 would kill now.} Rb3 31. Kg2 {Accuracy: White = 52%, Black = 39%.} 1-0